Music Quiz

Random Music or Album Quiz

Velvet Underground Songs Quiz Stats

 Plays Quiz not verified by Sporcle

Score 0/117 Timer 08:00
0 Plays Today
Album Songs % Correct
The Velvet Underground & NicoSunday Morning
96.6%
The Velvet Underground & NicoHeroin
95.5%
LoadedSweet Jane
94.9%
Live at Max's Kansas CitySweet jane
94.9%
1969: The Velvet Underground LiveWhite Light White Heat
93.2%
The Velvet Underground & NicoVenus In Furs
92.7%
White Light/White HeatWhite Light White Heat
91%
The Velvet Underground & NicoI'm Waiting for the Man
89.8%
The Velvet Underground & NicoEuropean Son
89.3%
Live at Max's Kansas CitySunday Morning
88.1%
1969: The Velvet Underground LiveHeroin
87.6%
The Velvet Underground & NicoAll Tomorrow's Parties
87%
1969: The Velvet Underground LiveRock And Roll
87%
The Velvet Underground & NicoFemme Fatale
86.4%
The Velvet Underground & NicoRun Run Run
85.9%
Live at Max's Kansas CityFemme Fatale
84.7%
White Light/White HeatSister Ray
84.2%
LoadedRock & Roll
83.6%
The Velvet Underground & NicoI'll Be Your Mirror
83.1%
The Velvet UndergroundPale Blue Eyes
82.5%
Live at Max's Kansas CityAfter Hours
81.9%
Live at Max's Kansas CityPale Blue Eyes
81.9%
The Velvet Underground & NicoThe Black Angel's Death Song
80.8%
White Light/White HeatThe Gift
80.8%
Live at Max's Kansas CityI'm Waiting for the Man
80.8%
The Velvet UndergroundCandy Says
79.7%
1969: The Velvet Underground LivePale Blue Eyes
78%
1969: The Velvet Underground LiveSweet Jane
76.3%
The Velvet Underground & NicoThere She Goes Again
75.7%
The Velvet UndergroundJesus
75.7%
White Light/White HeatHere She Comes Now
75.1%
1969: The Velvet Underground LiveWhat Goes On
75.1%
White Light/White HeatLady Godiva's Operation
74.6%
Live at Max's Kansas CityI'll Be Your Mirror
74.6%
1969: The Velvet Underground LiveI'm Waiting For The Man
74.6%
The Velvet UndergroundAfter Hours
74%
Live at Max's Kansas CityBeginning to See the Light
73.4%
Live MCMXCIIIHeroin
73.4%
VUOcean
72.9%
Album Songs % Correct
The Velvet UndergroundThe Murder Mystery
72.3%
LoadedWho Loves the Sun
72.3%
Live MCMXCIIISweet Jane
72.3%
Live MCMXCIIIVenus In Furs
71.8%
Live MCMXCIIIWhite Light White Heat
70.6%
The Velvet UndergroundWhat Goes On
70.1%
1969: The Velvet Underground LiveOcean
70.1%
1969: The Velvet Underground LiveFemme Fatale
70.1%
Live MCMXCIIII'm Waiting for the Man
69.5%
1969: The Velvet Underground LiveI'll Be Your Mirror
68.9%
LoadedOh! Sweet Nuthin'
68.4%
Live MCMXCIIIFemme Fatale
67.8%
The Velvet UndergroundBeginning to See the Light
67.2%
VUStephanie Says
67.2%
Another ViewRock and Roll
67.2%
Live MCMXCIIIAll Tomorrows Parties
67.2%
Live MCMXCIIIRock And Roll
67.2%
Live MCMXCIIIThe Gift
66.7%
Live MCMXCIIII'll Be Your Mirror
65.5%
Live MCMXCIIIPale Blue Eyes
65.5%
LoadedLonesome Cowboy Bill
65%
1969: The Velvet Underground LiveNew Age
65%
White Light/White HeatI Heard Her Call My Name
63.8%
Live MCMXCIIIThe Black Angel's Death Song
63.8%
Live at Max's Kansas CityNew Age
63.3%
1969: The Velvet Underground LiveSome Kinda Love
62.1%
1969: The Velvet Underground LiveBeginning to See the Light
61.6%
VUFoggy Notion
60.5%
LoadedNew Age
59.9%
Live MCMXCIIIAfter Hours
59.9%
The Velvet UndergroundSome Kinda Love
58.8%
Live at Max's Kansas CityLonesome Cowboy Bill
58.8%
1969: The Velvet Underground LiveWe're Gonna Have a Real Good Time Together
57.6%
VULisa Says
55.4%
Live MCMXCIIIBeginning to See the Light
54.8%
The Velvet UndergroundI'm Set Free
53.7%
Live MCMXCIIII Heard Her Call My Name
53.7%
VUShe's My Best Friend
52.5%
VUI Can't Stand It
52%
Album Songs % Correct
VUTemptation Inside Your Heart
52%
Live MCMXCIIISome Kinda Love
52%
LoadedI Found A Reason
51.4%
1969: The Velvet Underground LiveLisa Says
50.8%
LoadedTrain Round The Bend
50.3%
LoadedCool It Down
49.7%
1969: The Velvet Underground LiveOver You
49.2%
The Velvet UndergroundThat's the Story of My Life
48.6%
LoadedHead Held High
46.9%
VUI'm Sticking with You
44.1%
Live MCMXCIIII'm Sticking With You
44.1%
Live MCMXCIIII Can't Stand It
40.7%
Squeeze Dopey Joe
39.5%
Another ViewHey Mr. Rain
37.9%
Another ViewHey Mr. Rain
37.9%
Live MCMXCIIIHey Mr. Rain
37.9%
Squeeze Little Jack
37.3%
VUAndy's Chest
37.3%
Another ViewWe're Gonna Have a Real Good Time Together
36.7%
Live MCMXCIIIWe're Gonna Have a Real Good Time Together
36.7%
VUOne Of These Days
35.6%
Another ViewRide Into The Sun
35.6%
Squeeze Caroline
34.5%
Squeeze Mean Old Man
34.5%
Squeeze Friends
33.9%
1969: The Velvet Underground LiveMedley: Sweet Bonnie Brown-It's Just Too Much
33.3%
Live MCMXCIIICoyote
32.8%
Squeeze Jack & Jane
32.2%
Another ViewGuess I'm Falling in Love (Instrumental version)
32.2%
Another ViewFerryboat Bill
32.2%
Live MCMXCIIIGuess I'm Falling in Love
32.2%
Squeeze Send No Letter
31.6%
Squeeze Crash
31.1%
Squeeze Louise
31.1%
Another ViewConey Island Steeplechase
31.1%
Squeeze Wordless
30.5%
Squeeze She'll Make You Cry
29.9%
Another ViewI'm Gonna Move Right In
28.2%
Live MCMXCIIIVelvet Nursery Rhyme
27.7%

You're not logged in!

Compare scores with friends on all Sporcle quizzes.
OR
Log In

Show Comments

Extras

Top Quizzes Today


Score Distribution

Your Account Isn't Verified!

In order to create a playlist on Sporcle, you need to verify the email address you used during registration. Go to your Sporcle Settings to finish the process.

Report this User

Report this user for behavior that violates our Community Guidelines.

Details: